00988nam a2200229Ia 450000500170000000800410001702000180005804000180007604100080009408200190010224500550012125000120017626000420018830000280023065000320025865000410029065000320033194200320036399900190039595201700041495201740058420220728124050.0210716s2010 xx 000 0 und d a9789350040270 cAIMIT LIBRARY aeng a005.2764 KOGE aASP.net 4.0 : bcovers c# 2010 and vb 2010 codes / a1st ed. aNew Delhi :bDreamtech Press ,c2010. axxxii, 1670p. ;c23 cm. aASP.NET 4.0 controls953793 aAccessing data in ASP.NET 4.0953794 aMiscellaneous topics953795 2ddccBKe1stk005.2764 KOGE c191060d191060 00102ddc40708MCAaAIMITbAIMITeKnowledge Worldg599.00iBill no:66; Bill dt:2010-12-23l0o005.2764 KOGEpMCA10568r2025-07-21 00:00:00v449.25w2021-07-16yBK 00102ddc40708MCAaAIMITbAIMITeKnowledge Worldg6295.00iBill no:1790; Bill dt:2013-12-05l0o005.2764 KOGEpMCA13270r2025-07-21 00:00:00v4721.25w2021-07-16yBK